The Competitive status of the U.S. electronics industry : A study of the influences of technology in determining international industrial competitive advantage

Đã lưu trong:
书目详细资料
格式: 图书
语言:Undetermined
出版: Washington, D.C. National Academy Press 1984
主题:
标签: 添加标签
没有标签, 成为第一个标记此记录!
Thư viện lưu trữ: Trung tâm Học liệu Trường Đại học Cần Thơ
LEADER 00986nam a2200193Ia 4500
001 CTU_97949
008 210402s9999 xx 000 0 und d
082 |a 338.4 
082 |b C736 
245 4 |a The Competitive status of the U.S. electronics industry : 
245 2 |b A study of the influences of technology in determining international industrial competitive advantage 
245 0 |c Prepared by the Electronics Panel, Committee on Technology and International Economic and Trade Issues of the Office of the Foreign Secretary, National Academy of Engineering and the Commission on Engineering and Technical Systems, National Research Council, John G. Linvill, chairman ; Annette M. LaMond and Robert W. Wilson, rapporteurs. 
260 |a Washington, D.C. 
260 |b National Academy Press 
260 |c 1984 
650 |a Electronic industries,Competition, international. 
650 |z United states 
904 |i Năm 
980 |a Trung tâm Học liệu Trường Đại học Cần Thơ